[Event "Elitserien Allsvenskan 2018-19"]
[Site "Sweden"]
[Date "2018.11.10"]
[Round "2"]
[White "Lundin, Jan"]
[Black "Westerberg, Jonathan"]
[Result "0-1"]
[WhiteElo "2293"]
[BlackElo "2523"]
[Annotator "TA"]
[PlyCount "162"]
[EventDate "2018.11.09"]
[EventType "team-tourn"]
[EventCountry "SWE"]
[SourceTitle "playchess.com"]
[Source "ChessBase"]
[SourceQuality "1"]

{[%evp 27,162,15,20,8,21,22,6,0,0,-17,0,-9,10,14,11,0,0,0,0,0,0,3,5,2,0,0,0,-6,0,0,0,0,20,0,0,0,0,-17,-13,-38,-37,-38,-29,-76,-77,-73,-69,-73,-70,-70,-76,-73,-65,-65,-65,-58,-47,-56,-53,-54,-64,-59,-66,-66,-66,-66,-66,-73,-81,-73,-73,-124,-73,-12,-25,-23,-19,-16,-37,-27,-20,-24,-23,-40,-59,-62,0,0,0,0,0,0,0,0,0,0,0,0,0,0,0,-94,-94,-223,-284,-156,-109,-12826,-12827,-12828,0,0,0,-12830,-12830,-12833,-12831,-12835,-55,-55,-55,-11333,-12634,-12832,-12832,-12826,-10547,-5193,-1189,-1281,-681,-374,0,0,0,0,0]} 1. c4 e6 2. g3 d5 3. Bg2 Nf6 4. Nf3 Be7 5. O-O O-O 6. d4 dxc4 7. Ne5 c5 8. dxc5 Qc7 9. Nxc4 Qxc5 10. b3 Rd8 {E05: Open Catalan: 5 Nf3 Be7} 11. Nbd2 Qc7 (11... Nc6 12. Bb2 Qb5 13. e3 Bd7 14. a4 Qa6 15. g4 Be8 16. g5 Nd7 17. Qg4 Nde5 18. Nxe5 Nxe5 19. Bxe5 Rxd2 {½-½ (31) Matlakov,M (2701)-Blomqvist,E (2574) Caleta 2017}) 12. Bb2 Nc6 13. Rc1 Bd7 14. Ne5 Qa5 {LiveBook: 5 Games} 15. Ndc4 Qa6 16. Nd3 Rac8 $146 ({Predecessor:} 16... Be8 17. Rc2 Rac8 18. Qa1 {0-1 (41) Pinho,P (2186)-Lacrosse,M (2117) Caleta 2018}) 17. a3 Be8 18. Nd2 b6 19. Nf3 b5 20. b4 Qb6 21. Nfe5 Nxe5 22. Bxe5 Bc6 23. Bxc6 Rxc6 24. Qb3 Rdc8 {[%cal Bd8c8,Bc8c6,Bc6c4][%mdl 32]} 25. Rxc6 Rxc6 26. Qb2 Rc4 27. Rd1 Qd8 28. Qb3 Qc8 29. Bb2 Rc2 30. Rc1 (30. Bd4 {seems wilder.} Qc7 31. Nc5 Rc4 32. Qf3 Nd5 33. e4) 30... Rxc1+ 31. Bxc1 Nd5 32. Bd2 a6 {[%cal Ba7a6,Ba6a5][%mdl 32]} 33. e4 Nb6 34. Be3 Nc4 35. Nc5 a5 36. Qd3 a4 37. Kg2 Qd8 (37... Kf8 {keeps more tension.} 38. Bd4 Qc6 39. h3 f6 40. Be3 Kf7) 38. Qxd8+ Bxd8 $15 {[%mdl 4096] Endgame KBN-KBN} 39. Bc1 Bb6 40. Nd3 $1 Kf8 41. Kf3 $1 Bd4 42. Ke2 Ke7 43. Ne1 Bb2 44. Bxb2 Nxb2 {KN-KN} 45. Nc2 {aiming for Ne3.} Nc4 46. f4 Kd6 47. Kd3 e5 48. Ke2 g6 49. Kf3 (49. Kd3 $142) 49... Nd2+ (49... h6 $142 $1) 50. Ke3 $17 Nf1+ 51. Kd3 $1 Nxh2 52. fxe5+ $1 Kxe5 {Strongly threatening ...Nf1.} 53. Nd4 Nf1 54. Nxb5 Nxg3 55. Nc3 h5 56. Ke3 $1 f5 (56... h4 $15 57. Kf3 g5) 57. exf5 $11 Nxf5+ 58. Kf2 Nd6 {White must now prevent ...Ne4+.} 59. Nxa4 Nb5 60. Kg3 g5 61. Kh3 Kf4 (61... Nxa3 62. Nc3 $17) 62. Nc5 Kf3 ({Much less strong is} 62... Nxa3 63. Ne6+ Kf5 64. Nd4+ Kf6 65. b5 $17) 63. Nd3 Nxa3 {Hoping for ...Nb5.} 64. Ne5+ (64. Nc5 $1 $11) 64... Kf4 $17 {( -> ...g4+)} 65. Ng6+ (65. Nd3+ $17 Ke4 66. Nc5+ Ke5 67. Nd3+ Kf5 68. Nc1) 65... Kf5 $19 66. Ne7+ Ke4 67. Ng8 $2 {[%mdl 8192]} (67. Kg2 $17) 67... Ke5 $1 {[%cal Re5e6]} 68. Ne7 Ke4 $2 ({Black should play} 68... Nb5 $1 $19 {[%cal Rb5d4] ...Nd4 is the strong threat.} 69. Kg3 Nd4) 69. Ng8 $1 $11 Ke5 $2 {[%mdl 8192]} (69... Kf3 $11 70. Nf6 h4) 70. Ne7 $19 {[#]} Nb5 $1 {[%cal Rb5d4]} 71. Kg3 Nd4 72. Nc8 Nf5+ $2 (72... g4 $19 {Threatens to win with ...Nf5+.} 73. Na7 Kd6 74. Nc8+ Ke6) 73. Kg2 $15 Nd6 74. Nb6 $2 {[%mdl 8192] [#]} (74. Na7 $15) 74... g4 $1 $19 75. Nd7+ Kf5 76. Nc5 h4 77. Nd3 Nb5 (77... Ke4 $142 78. Nf2+ Kf4 79. Nd3+ Kf5) 78. Nf2 Nd4 79. Nd3 h3+ $2 (79... Kf6 $19 {And now ...Kf5 would win.} 80. Kf2 Nb5) 80. Kg3 $11 Ne2+ 81. Kh2 Kg5 {[%mdl 32768] Precision: White = 57%, Black = 63%. . Sensor Board Error (Ke4/e5)?} 0-1

[Event "Elitserien Allsvenskan 2018-19"]
[Site "Sweden"]
[Date "2018.11.10"]
[Round "2"]
[White "Salih, Akar Ali Salih"]
[Black "Wengholm, Anders"]
[Result "1/2-1/2"]
[WhiteElo "2242"]
[BlackElo "2210"]
[Annotator "NA"]
[PlyCount "127"]
[EventDate "2018.11.09"]
[EventType "team-tourn"]
[EventCountry "SWE"]
[SourceTitle "playchess.com"]
[Source "ChessBase"]
[SourceQuality "1"]
[TimeControl "40/5400+30:1800+30"]

1. e4 {[%emt 0:00:00]} c5 {[%emt 0:00:00]} 2. Nf3 {[%emt 0:00:00]} e6 {[%emt 0:00:08]} 3. d4 {[%emt 0:00:20]} cxd4 {[%emt 0:00:13]} 4. Nxd4 {[%emt 0:00:09]} a6 {[%emt 0:00:58]} 5. Bd3 {[%emt 0:01:37]} d6 {[%emt 0:02:06]} 6. c4 {[%emt 0:06:41]} Nf6 {[%emt 0:01:29]} 7. Nc3 {[%emt 0:01:05]} g6 {[%emt 0:03:32]} 8. Qe2 {[%emt 0:02:21]} Bg7 {[%emt 0:00:13]} 9. O-O {[%emt 0:02:05]} O-O {[%emt 0:00:08]} 10. Nf3 {[%emt 0:01:31]} Nc6 {[%emt 0:23:19]} 11. Rd1 {[%emt 0:01:50]} Ng4 {[%emt 0:10:01]} 12. Bf4 {[%emt 0:05:51]} Nge5 {[%emt 0:01:49]} 13. Nxe5 {[%emt 0:11:29]} dxe5 {[%emt 0:00:53]} 14. Be3 {[%emt 0:07:22]} Nd4 {[%emt 0:05:16]} 15. Bxd4 {[%emt 0:02:38]} exd4 {[%emt 0:00:24]} 16. Nb1 {[%emt 0:02:47]} Qd6 {[%emt 0:12:07]} 17. Nd2 {[%emt 0:02:22]} e5 {[%emt 0:02:37]} 18. Rac1 {[%emt 0:02:12]} b6 {[%emt 0:00:25]} 19. c5 {[%emt 0:10:40]} bxc5 {[%emt 0:01:03]} 20. Nb3 {[%emt 0:00:28]} Be6 {[%emt 0:19:11]} 21. Nxc5 {[%emt 0:00:07]} Bxa2 {[%emt 0:03:05]} 22. b4 {[%emt 0:00:29]} Be6 {[%emt 0:00:17]} 23. Bxa6 {[%emt 0:00:05]} Rab8 {[%emt 0:00:40]} 24. b5 {[%emt 0:03:58]} Bh6 {[%emt 0:01:19]} 25. Nxe6 {[%emt 0:02:14]} Qxe6 {[%emt 0:01:21]} 26. Rc6 {[%emt 0:00:10]} Qb3 {[%emt 0:00:50]} 27. Qc2 {[%emt 0:01:33]} Qxc2 {[%emt 0:00:24]} 28. Rxc2 {[%emt 0:00:02]} Bg5 {[%emt 0:00:08]} 29. Rc5 {[%emt 0:05:02]} Rfe8 {[%emt 0:01:15]} 30. Kf1 {[%emt 0:01:59]} Bd8 {[%emt 0:01:48]} 31. Ke2 {[%emt 0:01:01]} Bb6 {[%emt 0:00:37]} 32. Rd5 {[%emt 0:01:08]} f6 {[%emt 0:02:17]} 33. Rc1 {[%emt 0:01:18]} Red8 {[%emt 0:01:24]} 34. Rxd8+ {[%emt 0:00:25]} Bxd8 {[%emt 0:00:09]} 35. Kd3 {[%emt 0:05:38]} Bb6 {[%emt 0:01:51]} 36. g3 {[%emt 0:02:03]} Kf7 {[%emt 0:00:09]} 37. f4 {[%emt 0:00:29]} Ke7 {[%emt 0:00:10]} 38. Rc6 {[%emt 0:00:59]} Bd8 {[%emt 0:01:08]} 39. Kc4 {[%emt 0:00:51]} Bb6 {[%emt 0:00:17]} 40. Bc8 {[%emt 0:03:25]} Ba5 {[%emt 0:01:02]} 41. Bg4 {[%emt 0:32:12]} exf4 {[%emt 0:04:47]} 42. gxf4 {[%emt 0:00:00]} Bd2 {[%emt 0:00:05]} 43. Rc7+ {[%emt 0:00:00]} Kf8 {[%emt 0:07:54]} 44. Rxh7 {[%emt 0:00:00]} Bxf4 {[%emt 0:00:43]} 45. Be6 {[%emt 0:00:00]} Be5 {[%emt 0:02:38]} 46. h4 {[%emt 0:00:00]} Rd8 {[%emt 0:05:27]} 47. Kd3 {[%emt 0:00:15]} Rb8 {[%emt 0:00:53]} 48. Bc4 {[%emt 0:00:10]} Rb6 {[%emt 0:04:36]} 49. Kc2 {[%emt 0:04:23]} Bg3 {[%emt 0:03:30]} 50. Kd3 {[%emt 0:01:32]} Be5 {[%emt 0:00:02]} 51. Rf7+ {[%emt 0:01:05]} Ke8 {[%emt 0:00:06]} 52. Ra7 {[%emt 0:01:10]} f5 {[%emt 0:02:40]} 53. exf5 {[%emt 0:01:09]} gxf5 {[%emt 0:00:01]} 54. Ra6 {[%emt 0:00:14]} Rxa6 {[%emt 0:07:35]} 55. bxa6 {[%emt 0:00:06]} Bb8 {[%emt 0:00:00]} 56. Kxd4 {[%emt 0:01:34]} Kf8 {[%emt 0:00:00]} 57. Be6 {[%emt 0:00:32]} f4 {[%emt 0:00:00]} 58. Kc5 {[%emt 0:01:10]} Ba7+ {[%emt 0:00:00]} 59. Kd6 {[%emt 0:00:31]} f3 {[%emt 0:00:00]} 60. Ke5 {[%emt 0:00:19]} f2 {[%emt 0:00:00]} 61. Bc4 {[%emt 0:00:05]} Kg7 {[%emt 0:00:00]} 62. Kf4 {[%emt 0:00:15]} Kh6 {[%emt 0:00:00]} 63. Kg4 {[%emt 0:00:06]} Bb6 {[%emt 0:00:00]} 64. Be2 {[%emt 0:08:48]} 1/2-1/2

[Event "Elitserien Allsvenskan 2018-19"]
[Site "Sweden"]
[Date "2018.11.10"]
[Round "2"]
[White "Namini, Armin"]
[Black "Cederstam Barsk, Carl"]
[Result "0-1"]
[WhiteElo "2205"]
[BlackElo "2317"]
[Annotator "ChessBase"]
[PlyCount "112"]
[EventDate "2018.11.09"]
[EventType "team-tourn"]
[EventCountry "SWE"]
[SourceTitle "playchess.com"]
[Source "ChessBase"]
[SourceQuality "1"]
[TimeControl "40/5400+30:1800+30"]

1. c4 {[%emt 0:02:37]} c5 {[%emt 0:00:00]} 2. g3 {[%emt 0:00:06]} g6 {[%emt 0:00:00]} 3. Bg2 {[%emt 0:00:10]} Bg7 {[%emt 0:00:00]} 4. Nc3 {[%emt 0:00:05]} Nc6 {[%emt 0:00:01]} 5. Nf3 {[%emt 0:00:08]} d6 {[%emt 0:00:07]} 6. a3 {[%emt 0:01:09]} e6 {[%emt 0:00:42]} 7. O-O {[%emt 0:01:07]} Nge7 {[%emt 0:00:05]} 8. d3 {[%emt 0:00:50]} O-O {[%emt 0:00:32]} 9. Bg5 {[%emt 0:00:46]} Qd7 {[%emt 1:33:03]} 10. Rb1 {[%emt 0:01:55]} b6 {[%emt 0:00:00]} 11. Ne4 {[%emt 0:04:48]} f5 {[%emt 0:00:00]} 12. Nc3 {[%emt 0:00:46]} Bb7 {[%emt 0:00:00]} 13. Qd2 {[%emt 0:06:38]} Nd4 {[%emt 0:00:00]} 14. Nxd4 {[%emt 0:05:22]} cxd4 {[%emt 0:00:00]} 15. Na2 {[%emt 0:00:46]} Bxg2 {[%emt 0:00:00]} 16. Kxg2 {[%emt 0:02:42]} Nc6 {[%emt 0:00:00]} 17. Nb4 {[%emt 0:04:32]} Ne5 {[%emt 0:00:00]} 18. Bh6 {[%emt 0:00:43]} Bxh6 {[%emt 0:00:00]} 19. Qxh6 {[%emt 0:00:12]} Qb7+ {[%emt 0:00:00]} 20. Kg1 {[%emt 0:00:57]} Ng4 {[%emt 0:00:00]} 21. Qh3 {[%emt 0:06:16]} Qg7 {[%emt 0:00:00]} 22. Nc6 {[%emt 0:07:08]} Rac8 {[%emt 0:00:00]} 23. Qg2 {[%emt 0:03:59]} Rc7 {[%emt 0:00:00]} 24. h3 {[%emt 0:10:28]} Nh6 {[%emt 0:00:00]} 25. e3 {[%emt 0:02:37]} dxe3 {[%emt 0:00:00]} 26. fxe3 {[%emt 0:00:05]} Nf7 {[%emt 0:00:00]} 27. Nd4 {[%emt 0:03:12]} Qe5 {[%emt 0:00:00]} 28. Rbe1 {[%emt 0:01:26]} Re8 {[%emt 0:00:00]} 29. Nb5 {[%emt 0:01:14]} Rce7 {[%emt 0:00:00]} 30. Kh2 {[%emt 0:04:41]} d5 {[%emt 0:00:00]} 31. b3 {[%emt 0:08:16]} a6 {[%emt 0:00:00]} 32. Nd4 {[%emt 0:00:50]} Qd6 {[%emt 0:00:00]} 33. Rd1 {[%emt 0:06:09]} Qxa3 {[%emt 0:02:39]} 34. Ra1 {[%emt 0:01:22]} Qd6 {[%emt 0:01:55]} 35. Rxa6 {[%emt 0:00:42]} dxc4 {[%emt 0:00:59]} 36. dxc4 {[%emt 0:02:57]} e5 {[%emt 0:03:57]} 37. Nb5 {[%emt 0:03:18]} Qd3 {[%emt 0:00:02]} 38. e4 {[%emt 0:01:23]} fxe4 {[%emt 0:01:13]} 39. Rxb6 {[%emt 0:01:44]} Ng5 {[%emt 0:00:53]} 40. Nd6 {[%emt 0:01:15]} Nf3+ {[%emt 0:01:25]} 41. Kh1 {[%emt 0:30:20]} Rf8 {[%emt 0:30:42]} 42. c5 {[%emt 0:00:00]} Ra7 {[%emt 0:00:00]} 43. b4 {[%emt 0:00:00]} Kh8 {[%emt 0:00:00]} 44. Rc1 {[%emt 0:00:00]} e3 {[%emt 0:00:00]} 45. Rb8 {[%emt 0:00:00]} Rxb8 {[%emt 0:00:00]} 46. Qxf3 {[%emt 0:00:00]} Kg8 {[%emt 0:00:00]} 47. Rf1 {[%emt 0:00:00]} Rba8 {[%emt 0:00:00]} 48. Qf6 {[%emt 0:01:13]} Qd5+ {[%emt 0:00:00]} 49. Kg1 {[%emt 0:01:19]} e2 {[%emt 0:00:00]} 50. Re1 {[%emt 0:00:57]} Rf8 {[%emt 0:00:00]} 51. Qh4 {[%emt 0:00:33]} Qf3 {[%emt 0:00:00]} 52. Qc4+ {[%emt 0:00:18]} Kg7 {[%emt 0:00:00]} 53. Ne4 {[%emt 0:01:10]} Ra2 {[%emt 0:00:00]} 54. c6 {[%emt 0:01:39]} Rd2 {[%emt 0:00:00]} 55. Qc3 {[%emt 0:02:30]} Qf1+ {[%emt 0:00:00]} 56. Kh2 {[%emt 0:00:28]} Rf2+ {[%emt 0:00:00]} 0-1

[Event "Elitserien Allsvenskan 2018-19"]
[Site "Sweden"]
[Date "2018.11.11"]
[Round "3"]
[White "Amin, Bassem"]
[Black "Schussler, Harry"]
[Result "1-0"]
[WhiteElo "2709"]
[BlackElo "2416"]
[Annotator "TA"]
[PlyCount "53"]
[EventDate "2018.11.09"]
[EventType "team-tourn"]
[EventCountry "SWE"]
[SourceTitle "playchess.com"]
[Source "ChessBase"]
[SourceQuality "1"]

{[%evp 14,53,29,23,16,10,16,25,25,24,27,26,27,29,20,27,51,38,38,45,58,51,55,48,59,68,80,77,72,97,132,95,96,114,117,124,287,272,275,245,29987,1218]} 1. Nf3 Nf6 2. g3 b6 3. Bg2 Bb7 4. O-O g6 5. d3 {[%cal Bd2d3,Bd3d4,Bd4d5][%mdl 32]} Bg7 6. e4 {[%cal Be2e4,Be4e5][%mdl 32] A05: Réti Opening: 1 Nf3 Nf6} O-O 7. e5 Ne8 8. d4 {LiveBook: 3 Games. White has an edge.} c5 9. d5 d6 10. Re1 {[%cal Bf1e1,Be1e5,Be5d5][%mdl 32]} Nd7 {[%cal Rd6e5]} 11. Bf4 $146 ({Predecessor:} 11. e6 fxe6 12. dxe6 Ndf6 13. c4 {1-0 (46) Petrosian,T (2607)-Jacobson,B (2397) Philadelphia 2018}) 11... dxe5 12. Nxe5 Nxe5 13. Bxe5 Bxe5 14. Rxe5 e6 15. Nc3 exd5 16. Nxd5 {Black must now prevent Ne7+.} Bxd5 17. Rxd5 Qf6 $1 18. c3 Rb8 19. Qa4 a5 20. Rad1 $36 {[%cal Ba1d1,Bd1d5,Bd5e5][%mdl 2080] White is on the roll.} Qe6 21. Qf4 Ng7 22. Bf1 Nh5 23. Qh4 Kg7 24. Rd6 Qf5 $2 {[#]} (24... Qe8 $16 {keeps fighting.} 25. Kg2 Kg8) 25. R1d5 $1 $18 {[%cal Rd5f5]} Qf3 {[#]} 26. Re5 $1 f5 $2 (26... Rfe8 $18 27. Bg2 Qxg2+ 28. Kxg2 Rxe5) 27. Be2 {Precision: White = 98%, Black = 40%.} (27. Re7+ $142 Kh8 28. Be2 Qe4 29. Rxe4 fxe4 30. Bxh5 e3 31. Bxg6 Rb7 32. fxe3) 1-0

[Event "Elitserien Allsvenskan 2018-19"]
[Site "Sweden"]
[Date "2018.11.11"]
[Round "3"]
[White "Amin, Bassem"]
[Black "Schussler, Harry"]
[Result "*"]
[WhiteElo "2709"]
[BlackElo "2416"]
[Annotator "TA"]
[PlyCount "34"]
[EventDate "2018.11.09"]
[EventType "team-tourn"]
[EventCountry "SWE"]
[SourceTitle "playchess.com"]
[Source "ChessBase"]
[SourceQuality "1"]

{[%evp 2,2,28]} 1. Nf3 Nf6 {Predecessor:} 2. c4 $146 e6 3. g3 d5 4. Bg2 dxc4 5. Qa4+ c6 6. Qxc4 b5 7. Qc2 Bb7 8. O-O Be7 9. d3 O-O 10. a4 a6 11. Nc3 Nbd7 12. Rd1 Rc8 13. h3 Qb6 14. e4 c5 15. Be3 Rfd8 16. Rac1 h6 17. axb5 axb5 {1-0 (73) Duda,J (2737)-Karjakin,S (2773) chess.com INT 2018} *

[Event "Elitserien Allsvenskan 2018-19"]
[Site "Sweden"]
[Date "2018.11.11"]
[Round "3"]
[White "Neiksans, Arturs"]
[Black "Hauge, Lars Oskar"]
[Result "1-0"]
[WhiteElo "2553"]
[BlackElo "2449"]
[Annotator "TA"]
[PlyCount "53"]
[EventDate "2018.11.09"]
[EventType "team-tourn"]
[EventCountry "SWE"]
[SourceTitle "playchess.com"]
[Source "ChessBase"]
[SourceQuality "1"]

{[%evp 27,53,25,26,14,28,18,32,40,45,37,87,87,81,76,89,85,81,81,86,82,250,250,275,267,271,261,439,437]} 1. e4 e6 2. d4 d5 3. Nd2 Nf6 4. e5 Nfd7 5. Bd3 c5 6. c3 Nc6 7. Ne2 cxd4 8. cxd4 f6 9. exf6 Nxf6 10. O-O Bd6 11. Nf3 Qc7 12. Ng3 O-O 13. Bd2 Bd7 {C06: French Tarrasch: 3...Nf6 4 e5 Nfd7 5 Bd3 main lines} (13... Qb6 14. Bc3 Bd7 15. a3 a5 16. Qd2 a4 17. Rae1 Na5 18. Ng5 Rfe8 19. Qc2 h6 20. Nh7 Nxh7 21. Bxh7+ {1-0 (70) Salgado Lopez,I (2615)-Arribas Lopez,A (2559) Linares 2015}) 14. Rc1 Rae8 {LiveBook: 15 Games} 15. a3 Qb6 $146 {The position is equal.} ({Predecessor:} 15... e5 16. dxe5 Bxe5 17. Nxe5 Qxe5 18. b4 Qd6 19. b5 Qxa3 20. bxc6 Bxc6 {1-0 (31) Johansen,T-Nolan,B ICCF email 1996}) 16. Bc3 e5 17. dxe5 Nxe5 18. Be2 Bb5 19. Bxb5 Qxb5 20. Nxe5 Bxe5 21. Bxe5 Rxe5 22. Qd4 $36 {[%mdl 2048] Black is under strong pressure.} Re7 23. Nf5 Re2 $2 (23... Rd7 $16) 24. Rc7 $18 {[%cal Bc1c7,Bc7g7,Bg7e7][%mdl 32]} ({Not} 24. Qxa7 Qd3 $14) 24... Qxb2 25. Rxg7+ Kh8 {[#] White must now prevent ...Qxd4.} 26. Qxa7 Qe5 $2 (26... Qc2) 27. Re7 1-0

[Event "Elitserien Allsvenskan 2018-19"]
[Site "Sweden"]
[Date "2018.11.11"]
[Round "3"]
[White "Hillarp Persson, Tiger"]
[Black "Livner, Anders"]
[Result "1/2-1/2"]
[WhiteElo "2548"]
[BlackElo "2359"]
[Annotator "TA"]
[PlyCount "51"]
[EventDate "2018.11.09"]
[EventType "team-tourn"]
[EventCountry "SWE"]
[SourceTitle "playchess.com"]
[Source "ChessBase"]
[SourceQuality "1"]

{[%evp 10,51,-16,-17,12,6,10,12,0,-68,-65,-65,-61,-65,-62,-67,-66,-66,-60,-86,-81,-85,-65,-91,-50,-49,-47,-126,-58,-44,-50,-63,-43,-53,-51,-58,0,0,0,-57,0,0,0,-52]} 1. Nf3 d5 2. g3 g6 3. c4 dxc4 4. Qa4+ Nc6 5. Qxc4 Bg7 6. Bg2 {LiveBook: 42 Games. A09: Réti Opening: 1 Nf3 d5 2 c4} Nh6 {[#]} (6... e5 7. O-O Nge7 8. Nc3 O-O 9. d3 Nd4 10. Nxd4 exd4 11. Ne4 Be6 12. Qc2 Bd5 13. Bg5 f6 14. Bf4 c6 15. Qc5 b6 16. Qd6 g5 17. Bd2 {½-½ (52) Artemiev,V (2691)-Wang,H (2709) Huaian 2017}) 7. d4 $1 {[%mdl 512]} Nxd4 $146 ({Predecessor:} 7... Be6 8. Qa4 Nf5 9. e3 O-O 10. O-O Re8 11. d5 b5 12. Qa3 Bxd5 13. Rd1 {1-0 (48) Koehler,J (2056)-Khan,V (2122) LSS email 2013}) 8. Nxd4 Qxd4 9. Qxd4 (9. Qxc7 $11 Qd7 10. Qc4) 9... Bxd4 $15 10. Nc3 Ng4 11. O-O c6 12. h3 Nf6 13. Rd1 Be5 14. e4 Bc7 15. Bh6 Be6 16. Rac1 Rd8 17. Nd5 {[%cal Rd5c7]} Be5 18. f4 {[#]} (18. Bg7 $15 Rg8 19. Bxf6 exf6 20. f4 Bxb2 21. Rb1) 18... cxd5 ({And not} 18... Bxd5 19. exd5 Bxb2 20. Rb1 $16) (18... Nxe4 $1 $17 19. fxe5 Bxd5) 19. fxe5 Nxe4 20. Kh2 f5 21. exf6 $1 Nxf6 22. Rc7 {next Bg7 is good for White.} Rd7 23. Rc8+ $1 Rd8 24. Rc7 Rd7 25. Rc8+ $1 Rd8 26. Rc7 {Accuracy: White = 64%, Black = 54%.} 1/2-1/2

[Event "Elitserien Allsvenskan 2018-19"]
[Site "Sweden"]
[Date "2018.11.11"]
[Round "3"]
[White "Heberla, Bartlomiej"]
[Black "Shirov, Alexei"]
[Result "1/2-1/2"]
[WhiteElo "2546"]
[BlackElo "2639"]
[Annotator "TA"]
[PlyCount "65"]
[EventDate "2018.11.09"]
[EventType "team-tourn"]
[EventCountry "SWE"]
[SourceTitle "playchess.com"]
[Source "ChessBase"]
[SourceQuality "1"]

{[%evp 25,65,0,4,2,5,0,0,13,47,15,20,15,34,49,31,40,54,46,56,41,43,39,46,18,77,79,86,36,56,36,35,32,33,38,38,38,38,38,38,36,38,39]} 1. e4 e5 2. Nf3 Nc6 3. Bb5 a6 4. Ba4 Nf6 5. O-O b5 6. Bb3 Bc5 7. a4 Rb8 8. axb5 axb5 9. Nxe5 {C78: Ruy Lopez: Archangelsk and Möller Defences} Nxe5 10. d4 Bxd4 11. Qxd4 d6 12. f4 Nc6 13. Qc3 Ne7 {LiveBook: 69 Games} 14. e5 Ne4 $1 {[%cal Re4c3]} 15. Qe1 Nc5 16. Ba2 Bf5 {[#]} 17. Nc3 $146 b4 18. Nd5 b3 19. Nxe7 Qxe7 20. exd6 {[%csl Gd6][%cal Re1e7] [#]} Qxe1 21. Rxe1+ Kd7 22. Bxb3 Nxb3 23. cxb3 Kxd6 24. Re5 Bd3 (24... g6 $11) 25. Raa5 $16 Rxb3 26. Rad5+ Kc6 {White is slightly better.} 27. Rc5+ Kd7 $1 28. Re3 {[#] Hoping for Rd5+.} Rd8 29. Bd2 Kc8 30. Re7 {And now Bc3 would win.} Rd7 $1 {[%cal Rd7e7]} 31. Rxd7 Kxd7 32. Bc3 {aiming for Rd5+.} Rb5 33. Rxb5 {Precision: White = 77%, Black = 68%.} 1/2-1/2

[Event "Elitserien Allsvenskan 2018-19"]
[Site "Sweden"]
[Date "2018.11.11"]
[Round "3"]
[White "Smith, Axel"]
[Black "Ernst, Thomas"]
[Result "1/2-1/2"]
[WhiteElo "2492"]
[BlackElo "2321"]
[Annotator "ChessBase"]
[PlyCount "89"]
[EventDate "2018.11.09"]
[EventType "team-tourn"]
[EventCountry "SWE"]
[SourceTitle "playchess.com"]
[Source "ChessBase"]
[SourceQuality "1"]
[TimeControl "40/5400+30:1800+30"]

1. c4 {[%emt 0:00:16]} c5 {[%emt 0:00:00]} 2. Nf3 {[%emt 0:00:09]} Nc6 {[%emt 0:00:00]} 3. e3 {[%emt 0:00:04]} Nf6 {[%emt 0:02:11]} 4. d4 {[%emt 0:00:20]} cxd4 {[%emt 0:00:15]} 5. exd4 {[%emt 0:00:02]} d5 {[%emt 0:00:14]} 6. Nc3 {[%emt 0:00:01]} e6 {[%emt 0:01:07]} 7. cxd5 {[%emt 0:01:05]} Nxd5 {[%emt 0:00:54]} 8. Bd3 {[%emt 0:00:13]} Be7 {[%emt 0:00:35]} 9. O-O {[%emt 0:00:13]} O-O {[%emt 0:00:25]} 10. Re1 {[%emt 0:02:18]} Bf6 {[%emt 0:01:25]} 11. Be4 {[%emt 0:05:35]} Nce7 {[%emt 0:04:14]} 12. Ne5 {[%emt 0:10:31]} Bd7 {[%emt 0:14:01]} 13. Qd3 {[%emt 0:07:37]} g6 {[%emt 0:00:16]} 14. Bh6 {[%emt 0:06:28]} Bg7 {[%emt 0:00:35]} 15. Bxg7 {[%emt 0:03:19]} Kxg7 {[%emt 0:00:07]} 16. Bxd5 {[%emt 0:08:44]} Nxd5 {[%emt 0:00:29]} 17. Nxd5 {[%emt 0:01:40]} exd5 {[%emt 0:00:07]} 18. Qb3 {[%emt 0:07:15]} Bf5 {[%emt 0:02:06]} 19. Qxb7 {[%emt 0:12:52]} Rb8 {[%emt 0:00:09]} 20. Qxa7 {[%emt 0:00:11]} Rxb2 {[%emt 0:00:09]} 21. g3 {[%emt 0:12:45]} Qa8 {[%emt 0:03:49]} 22. Qxa8 {[%emt 0:00:54]} Rxa8 {[%emt 0:00:09]} 23. a3 {[%emt 0:06:42]} Rd2 {[%emt 0:01:10]} 24. Nf3 {[%emt 0:00:45]} Rc2 {[%emt 0:06:37]} 25. a4 {[%emt 0:02:16]} Rc4 {[%emt 0:01:21]} 26. a5 {[%emt 0:00:15]} Be4 {[%emt 0:00:45]} 27. Re3 {[%emt 0:03:41]} Ra6 {[%emt 0:10:08]} 28. Kf1 {[%emt 0:01:51]} Bxf3 {[%emt 0:01:16]} 29. Rxf3 {[%emt 0:00:01]} Rxd4 {[%emt 0:00:11]} 30. Rb3 {[%emt 0:01:23]} Rd2 {[%emt 0:08:35]} 31. Rb6 {[%emt 0:02:20]} Rxb6 {[%emt 0:00:21]} 32. axb6 {[%emt 0:00:02]} Rb2 {[%emt 0:00:11]} 33. Ra5 {[%emt 0:01:15]} Rxb6 {[%emt 0:00:22]} 34. Rxd5 {[%emt 0:00:03]} Kf6 {[%emt 0:00:20]} 35. Kg2 {[%emt 0:00:06]} Rb2 {[%emt 0:00:23]} 36. Kf1 {[%emt 0:00:12]} Kg7 {[%emt 0:00:22]} 37. Kg2 {[%emt 0:00:03]} h5 {[%emt 0:00:22]} 38. Kf1 {[%emt 0:00:33]} Rb4 {[%emt 0:00:21]} 39. Kg2 {[%emt 0:00:41]} h4 {[%emt 0:00:34]} 40. Kh3 {[%emt 0:00:34]} hxg3 {[%emt 0:00:12]} 41. hxg3 {[%emt 0:30:13]} Ra4 {[%emt 0:30:22]} 42. Kg2 {[%emt 0:00:08]} Rb4 {[%emt 0:00:13]} 43. Kh3 {[%emt 0:00:09]} Ra4 {[%emt 0:00:15]} 44. Kg2 {[%emt 0:00:04]} Rb4 {[%emt 0:00:15]} 45. Kh3 {[%emt 0:00:04]} 1/2-1/2